Determinantes de la tasa interbancaria de préstamos en Argentina (Registro nro. 15068)

Detalles MARC
000 -LEADER
fixed length control field 00419 a2200133 4500
001 - CONTROL NUMBER
control field ART_7199
005 - DATE AND TIME OF LATEST TRANSACTION
control field 20260410161700.0
008 - FIXED-LENGTH DATA ELEMENTS--GENERAL INFORMATION
fixed length control field 260409a
100 1# - MAIN ENTRY--PERSONAL NAME
Personal name Elosegui, Pedro
245 10 - TITLE STATEMENT
Title Determinantes de la tasa interbancaria de préstamos en Argentina
700 1# - ADDED ENTRY--PERSONAL NAME
Personal name Anastasi, Alejandra
700 1# - ADDED ENTRY--PERSONAL NAME
Personal name Sangiácomo, Máximo
773 0# - HOST ITEM ENTRY
Title Ensayos Económicos
Related parts - Nº 57/58 (ene./jun. 2010)
Record control number REV620

No hay ítems disponibles.